Welcome to WEB OPAC of MRSPTU Central Library

Modern elecroChemistry ( elecrodics in Chemistry,engineering,biology,and environmental science) (Record no. 5464)

MARC details
000 -LEADER
fixed length control field 00502nam a2200181Ia 4500
008 - FIXED-LENGTH DATA ELEMENTS--GENERAL INFORMATION
fixed length control field 230711s9999||||xx |||||||||||||| ||und||
020 ## - INTERNATIONAL STANDARD BOOK NUMBER
International Standard Book Number 978-81-8128-474-7
041 ## - LANGUAGE CODE
Language code of text/sound track or separate title ENG
082 ## - DEWEY DECIMAL CLASSIFICATION NUMBER
Classification number 541.7
Item number BO-E
100 ## - MAIN ENTRY--PERSONAL NAME
Personal name Bockris, John O'M
245 #0 - TITLE STATEMENT
Title Modern elecroChemistry ( elecrodics in Chemistry,engineering,biology,and environmental science)
250 ## - EDITION STATEMENT
Edition statement 2nd . Ed.
260 ## - PUBLICATION, DISTRIBUTION, ETC.
Date of publication, distribution, etc. 2006
Place of publication, distribution, etc. New Delhi
Name of publisher, distributor, etc. Springer
300 ## - PHYSICAL DESCRIPTION
Extent 2053
650 ## - SUBJECT ADDED ENTRY--TOPICAL TERM
Topical term or geographic name entry element Chemistry
700 ## - ADDED ENTRY--PERSONAL NAME
Personal name Reddy, Amulya K.N
942 ## - ADDED ENTRY ELEMENTS (KOHA)
Koha item type Book
Holdings
Withdrawn status Lost status Damaged status Not for loan Collection Home library Current library Date acquired Total checkouts Full call number Barcode Date last seen Price effective from Koha item type
          MRSPTU Central Library MRSPTU Central Library     541.7 BO-E 20749 08/17/2023 08/17/2023 Book
          MRSPTU Central Library MRSPTU Central Library     541.7 BO-E 20750 08/17/2023 08/17/2023 Book
          MRSPTU Central Library MRSPTU Central Library     541.7 BO-E 20751 08/17/2023 08/17/2023 Book
          MRSPTU Central Library MRSPTU Central Library     541.7 BO-E 20752 08/17/2023 08/17/2023 Book

Website Designed and Developed by MRSPTU Central Library Team

E-mail Id: librarian@mrsptu.ac.in